¿Es el celibato un fracaso? / (Record no. 40549)
[ view plain ]
| 000 -LEADER | |
|---|---|
| campo de control de longitud fija | 00804nam a2200217 i 4500 |
| 001 - NÚMERO DE CONTROL | |
| campo de control | 40549 |
| 003 - IDENTIFICADOR DE NÚMERO DE CONTROL | |
| campo de control | ES-MaACL |
| 005 - FECHA Y HORA DE LA ÚLTIMA TRANSACCIÓN | |
| campo de control | 20230906160243.0 |
| 007 - CAMPO FIJO DE DESCRIPCIÓN FÍSICA--INFORMACIÓN GENERAL | |
| campo de control de longitud fija | t| |
| 008 - DATOS DE LONGITUD FIJA--INFORMACIÓN GENERAL | |
| campo de control de longitud fija | 030306s1960 sp ||||1| spa d |
| 245 01 - MENCIÓN DEL TÍTULO | |
| Título | ¿Es el celibato un fracaso? / |
| Mención de responsabilidad, etc. | reflexiones y testimonios, por el... P.A.M. Carré, O.P. ; Joseph Folliet, Simone Leuret...; traducción del francés por el R.P. Francisco San Martín Figueroa. |
| 260 ## - PUBLICACIÓN, DISTRIBUCIÓN, ETC. | |
| Lugar de publicación, distribución, etc. | Madrid : |
| Nombre del editor, distribuidor, etc. | Studium, |
| Fecha de publicación, distribución, etc. | [1960] ( |
| Fabricante | Bolaños y Aguilar) |
| 300 ## - DESCRIPCIÓN FÍSICA | |
| Extensión | 167 p. ; |
| Dimensiones | 18 cm. |
| 490 1# - MENCIÓN DE SERIE | |
| Mención de serie | Colección "Hogar" ; |
| Designación de volumen o secuencia | 25 |
| 650 04 - PUNTO DE ACCESO ADICIONAL DE MATERIA--TÉRMINO DE MATERIA | |
| Término de materia o nombre geográfico como elemento de entrada | Celibato. |
| 9 (RLIN) | 10868 |
| 700 1# - ENTRADA AGREGADA--NOMBRE PERSONAL | |
| Nombre de persona | San Martín Figueroa, Francisco. |
| 9 (RLIN) | 102271 |
| 700 1# - ENTRADA AGREGADA--NOMBRE PERSONAL | |
| Nombre de persona | Carre, Ambroise-Marie. |
| 9 (RLIN) | 35592 |
| 830 0# - PUNTO DE ACCESO ADICIONAL DE SERIE-TÍTULO UNIFORME | |
| Título uniforme | Colección "Hogar" ; |
| Designación de volumen o secuencia | 25 |
| 9 (RLIN) | 220446 |
| 852 ## - LOCALIZACIÓN | |
| Ubicación | ES-MaACL |
| Número de control de estantería | E-2423 |
| Sublocalización o colección | R.47619 |
| Estatus retirado | Estado de pérdida | Estado de daño | No para préstamo | Biblioteca de origen | Biblioteca actual | Ubicación en estantería | Fecha de adquisición | Fuente de adquisición | Total de préstamos | Signatura topográfica completa | Código de barras | Visto por última vez | Precio de reemplazo | Tipo de ítem Koha |
|---|---|---|---|---|---|---|---|---|---|---|---|---|---|---|
| Biblioteca del Ateneo de Madrid | Biblioteca del Ateneo de Madrid | Depósito 2 | 17/01/2008 | E-2423 | 1042691 | 23/02/2023 | 23/02/2023 | Libro impreso |
